| 000 | 00798cam a2200253 a 4500 | ||
|---|---|---|---|
| 001 | 000019738 | ||
| 005 | 20200929170124.0 | ||
| 008 | 740510s1965 sp 001 f spa d | ||
| 040 |
_aDO-SdBNP _cOU _dOCoLC _dDLC _dBNPHU |
||
| 082 |
_a863.6 _bB264f, 1965 |
||
| 100 | 1 |
_aBaroja, Pío, _d1872-1956. _98694 |
|
| 245 | 1 | 3 |
_aLa feria de los discretos / _cPío Baroja. |
| 250 | _a5a ed. | ||
| 260 |
_aMadrid : _bEspasa-Calpe, _c1965. |
||
| 300 |
_a232 p. ; _c18 cm. |
||
| 490 | 0 |
_aAustral. Azul: novelas y cuentos en general _v398 |
|
| 500 | _aIncluye índice de autores. | ||
| 650 | 4 |
_aNovela española _91123 |
|
| 650 | 4 |
_aLiteratura española _9632 |
|
| 830 | 0 |
_aAustral. _pAzul: novelas y cuentos generales; _v398 _942095 |
|
| 910 | _aCatalogación derivada / LC | ||
| 910 | _aWM | ||
| 049 | _aBNGR | ||
| 999 |
_c19252 _d19252 |
||